Los cristianos de Alá: la fascinante aventura de los renegados

Saved in:
Bibliographic Details
Main Author: Bennassar, Bartolomé (Author)
Format: Book
Language:Spanish
Published: Madrid Nerea 1989
Subjects:
Tags: Add Tag
No Tags, Be the first to tag this record!

MARC

LEADER 00000nam a2200000 a 4500
001 UCX2967
003 CL-VaPUC
008 910910e19890000SP |||||||||||||||||spa|d
082 0 4 |a 297.293  |b BEN  |2 21 
100 |a Bennassar, Bartolomé  |e author  |9 313507 
245 1 4 |a Los cristianos de Alá: la fascinante aventura de los renegados 
300 |a 559 p 
942 |c BK 
945 |d 19910910 00:00:00 
260 |a Madrid  |b Nerea  |c 1989 
650 7 |a ISLAMISMO RELACIONES CRISTIANISMO  |2 CL-VaPUC  |9 319094 
650 0 |a Cristianismo e islamismo  |9 315602 
583 |a last modification  |c 19910910 00:00:00  |k Rodrigo Vera 
999 |c 223861  |d 223859 
952 |0 0  |1 0  |4 0  |6 297_293000000000000_BEN_1989  |7 0  |8 A  |9 220085  |a BIBHIS  |b BIBHIS  |d 2019-11-15  |i 2887541  |o 297.293 BEN 1989  |p 2887541  |r 2025-01-20  |w 2019-11-15  |y BK  |k HIS